[Event "Weekend A Ottobre"]
[Site "Torino ITA"]
[Date "2003.10.31"]
[Round "2"]
[White "Banchio, Davide"]
[Black "Fassio, Luca"]
[Result "1/2-1/2"]
[WhiteElo "1750"]
[BlackElo "2123"]
[PlyCount "34"]
[EventDate "2003.10.30"]

1. e4 d6 2. d4 g6 3. Nc3 Bg7 4. Be3 c6 5. Qd2 b5 6. f3 Nd7 7. Nge2 Nb6 8. Ng3
h5 9. Bd3 Nf6 10. b3 a6 11. O-O e5 12. dxe5 dxe5 13. Rad1 Be6 14. Bxb5 Qc7 15.
Qd6 Qxd6 16. Rxd6 cxb5 17. Bxb6 Bf8 1/2-1/2

[Event "Weekend A Ottobre"]
[Site "Torino ITA"]
[Date "2003.10.31"]
[Round "2"]
[White "Faraoni, Enrico"]
[Black "Costantini, Camillo"]
[Result "1-0"]
[WhiteElo "2182"]
[BlackElo "1836"]
[PlyCount "91"]
[EventDate "2003.10.30"]

1. e4 c5 2. Nf3 d6 3. d4 cxd4 4. Qxd4 Bd7 5. Bg5 Nc6 6. Qd2 Nf6 7. Nc3 e6 8.
Bb5 Be7 9. O-O-O a6 10. Bxc6 Bxc6 11. Rhe1 O-O 12. h4 h6 13. Qf4 hxg5 14. hxg5
Nh7 15. g6 fxg6 16. Qg4 Bg5+ 17. Kb1 Re8 18. Rh1 Bh6 19. Qxg6 Qf6 20. Rxh6 Qxg6
21. Rxg6 Rad8 22. Nd4 Kf7 23. Rg3 d5 24. e5 Nf8 25. f4 Ng6 26. Rf1 Ne7 27. Rg5
g6 28. g4 Rg8 29. Kc1 Rg7 30. Kd2 Rh8 31. f5 gxf5 32. Rxg7+ Kxg7 33. Nxe6+ Kf7
34. gxf5 Rh2+ 35. Kd1 Rh4 36. Ng5+ Ke8 37. f6 Ng6 38. f7+ Ke7 39. Ne2 Bd7 40.
Rf6 Nf8 41. Nf4 Rg4 42. Ng6+ Nxg6 43. Rxg6 Rd4+ 44. Ke1 Bg4 45. Rg8 Rf4 46.
Re8+ 1-0

[Event "Weekend A Ottobre"]
[Site "Torino ITA"]
[Date "2003.10.31"]
[Round "2"]
[White "Martin, Tiziano"]
[Black "De Santis, Alessio"]
[Result "0-1"]
[WhiteElo "1825"]
[BlackElo "2272"]
[PlyCount "40"]
[EventDate "2003.10.30"]

1. c3 f5 2. d3 Nf6 3. Qc2 c5 4. e4 Nc6 5. Nd2 d6 6. Ngf3 e5 7. Be2 Be7 8. Nf1
Qb6 9. Ne3 f4 10. Nc4 Qc7 11. O-O h6 12. d4 g5 13. dxe5 dxe5 14. Rd1 Be6 15. b4
b5 16. Na3 a6 17. Bxb5 axb5 18. Nxb5 Qb8 19. a4 Kf7 20. Rd5 cxb4 0-1

[Event "Weekend A Ottobre"]
[Site "Torino ITA"]
[Date "2003.10.31"]
[Round "2"]
[White "Molina, Fabrizio"]
[Black "Vasile, Catalin"]
[Result "1-0"]
[WhiteElo "2256"]
[BlackElo "1473"]
[PlyCount "59"]
[EventDate "2003.10.30"]

1. c4 Nf6 2. g3 g6 3. Bg2 Bg7 4. Nc3 e6 5. e4 d6 6. f4 Nbd7 7. Nf3 O-O 8. O-O
c6 9. d4 d5 10. e5 Ne8 11. cxd5 cxd5 12. Kh1 b6 13. g4 Ba6 14. Rg1 Qc7 15. f5
f6 16. g5 gxf5 17. gxf6 Ndxf6 18. exf6 Nxf6 19. Ne5 Nd7 20. Qh5 Nxe5 21. dxe5
Kh8 22. Bh6 Bxh6 23. Qxh6 Rad8 24. Bf3 d4 25. Ne2 Bxe2 26. Bxe2 Qb7+ 27. Rg2
Rg8 28. Qf6+ Rg7 29. Qxd8+ Rg8 30. Qxg8# 1-0

[Event "Weekend A Ottobre"]
[Site "Torino ITA"]
[Date "2003.10.31"]
[Round "2"]
[White "Sorcinelli, Francesco"]
[Black "Giacometto, Mario"]
[Result "1-0"]
[WhiteElo "2122"]
[BlackElo "1801"]
[PlyCount "27"]
[EventDate "2003.10.30"]

1. d4 g6 2. e4 Bg7 3. Nc3 Nf6 4. e5 Ng8 5. Nf3 d6 6. Bf4 Bg4 7. h3 Bxf3 8. Qxf3
Nc6 9. O-O-O Qd7 10. Bb5 a6 11. Ba4 b5 12. Nxb5 Kd8 13. Nc3 d5 14. Nxd5 1-0

[Event "Weekend A Ottobre"]
[Site "Torino ITA"]
[Date "2003.11.01"]
[Round "3"]
[White "De Santis, Alessio"]
[Black "Blanc, Pierre"]
[Result "1-0"]
[WhiteElo "2272"]
[BlackElo "1855"]
[PlyCount "73"]
[EventDate "2003.10.30"]

1. d4 d5 2. c4 c6 3. Nc3 Nf6 4. e3 Bf5 5. cxd5 Nxd5 6. f3 Nxc3 7. bxc3 e6 8. e4
Bg6 9. Bd3 Be7 10. Ne2 Nd7 11. Rb1 b5 12. Be3 O-O 13. Nf4 a6 14. g3 e5 15. Nxg6
fxg6 16. O-O Kh8 17. f4 exf4 18. gxf4 Nf6 19. Rb2 Qd7 20. Rg2 Qe6 21. Bc1 Rae8
22. e5 Ng8 23. Qb3 Qd7 24. Be4 Nh6 25. a4 Nf5 26. Rd1 Rd8 27. Qa2 b4 28. Bxf5
gxf5 29. cxb4 Bxb4 30. Qc4 a5 31. Rc2 Rc8 32. Bd2 c5 33. d5 Qxa4 34. Bc1 Qd7
35. e6 Qe8 36. Bb2 Qg6+ 37. Rg2 1-0

[Event "Weekend A Ottobre"]
[Site "Torino ITA"]
[Date "2003.11.01"]
[Round "3"]
[White "Fassio, Luca"]
[Black "Mori, Andrea"]
[Result "1/2-1/2"]
[WhiteElo "2123"]
[BlackElo "1991"]
[PlyCount "55"]
[EventDate "2003.10.30"]

1. e4 c6 2. d4 d5 3. exd5 cxd5 4. c4 Nf6 5. Nc3 e6 6. Nf3 Be7 7. Be3 O-O 8. Bd3
dxc4 9. Bxc4 Nbd7 10. O-O Nb6 11. Bd3 Nbd5 12. Rc1 Bd7 13. Ne5 Nxc3 14. bxc3
Rc8 15. Qb3 Bc6 16. c4 Qd6 17. Rfd1 Qa3 18. Nxc6 bxc6 19. c5 Qxb3 20. axb3 Rfd8
21. Ra1 Rd7 22. Ba6 Rcd8 23. Be2 Nd5 24. Bf3 Bf6 25. Bxd5 Rxd5 26. Re1 Bxd4 27.
Bxd4 Rxd4 28. Rxa7 1/2-1/2

[Event "Weekend A Ottobre"]
[Site "Torino ITA"]
[Date "2003.11.01"]
[Round "3"]
[White "Molina, Fabrizio"]
[Black "Banchio, Davide"]
[Result "1-0"]
[WhiteElo "2256"]
[BlackElo "1750"]
[PlyCount "53"]
[EventDate "2003.10.30"]

1. c4 f5 2. g3 Nf6 3. Bg2 g6 4. Nc3 Bg7 5. d3 O-O 6. e4 fxe4 7. dxe4 e5 8. Nge2
d6 9. O-O Be6 10. Qd3 Nbd7 11. Nd5 Nc5 12. Qc2 a5 13. b3 Qd7 14. f3 Rad8 15.
Be3 Na6 16. Rad1 Nh5 17. a3 c6 18. Nb6 Qf7 19. Qd2 a4 20. Nxa4 d5 21. Bg5 Nf6
22. Qa5 h6 23. Bc1 g5 24. Bb2 Nh5 25. Nc1 Qe7 26. cxd5 cxd5 27. exd5 1-0

[Event "Weekend A Ottobre"]
[Site "Torino ITA"]
[Date "2003.11.01"]
[Round "3"]
[White "Nardelli, Marco"]
[Black "Faraoni, Enrico"]
[Result "1/2-1/2"]
[WhiteElo "1992"]
[BlackElo "2182"]
[PlyCount "93"]
[EventDate "2003.10.30"]

1. e4 e5 2. Nc3 Bc5 3. Bc4 Nf6 4. f4 d6 5. Nf3 Nc6 6. d3 a6 7. f5 h6 8. Qe2 b5
9. Bb3 Bb7 10. Be3 Bb4 11. O-O Bxc3 12. bxc3 Na5 13. d4 Qe7 14. a4 Nxb3 15.
cxb3 Nxe4 16. dxe5 dxe5 17. axb5 Nxc3 18. Qc4 Nxb5 19. Bc5 Nd6 20. Qb4 O-O 21.
f6 gxf6 22. Nh4 Bc8 23. Rf5 Kh7 24. Raf1 Rg8 25. Rxf6 Be6 26. Qe1 Rg5 27. Bxd6
Qxd6 28. Qe4+ Kg7 29. Qxa8 Qd4+ 30. Kh1 Qxh4 31. Rxe6 Rf5 32. Qxa6 fxe6 33. Rd1
Qf2 34. Qc4 Kf6 35. h3 c5 36. Qc1 Rf4 37. Qa1 h5 38. Qa8 Kf5 39. Rd7 Kg5 40.
Rg7+ Kf5 41. Rf7+ Kg5 42. Qd8+ Rf6 43. Rg7+ Kf5 44. Qd3+ e4 45. g4+ hxg4 46.
hxg4+ Kf4 47. Qh3 1/2-1/2

[Event "Weekend A Ottobre"]
[Site "Torino ITA"]
[Date "2003.11.01"]
[Round "4"]
[White "Faraoni, Enrico"]
[Black "Molina, Fabrizio"]
[Result "1/2-1/2"]
[WhiteElo "2182"]
[BlackElo "2256"]
[PlyCount "77"]
[EventDate "2003.10.30"]

1. e4 e6 2. d4 d5 3. exd5 exd5 4. c4 Nf6 5. Bd3 Be7 6. Ne2 O-O 7. Nbc3 c6 8.
O-O Bg4 9. f3 Bh5 10. Re1 Bg6 11. c5 b6 12. cxb6 axb6 13. Bg5 Nh5 14. Bxg6 hxg6
15. Bxe7 Qxe7 16. Nf4 Qf6 17. Nxh5 gxh5 18. Qd3 Nd7 19. Re2 Rfe8 20. Rae1 Rxe2
21. Rxe2 Nf8 22. Re5 g6 23. a3 Kg7 24. Qe3 Ne6 25. Ne2 Ra4 26. f4 Kh7 27. g3
Ng7 28. h3 Nf5 29. Qd3 Ng7 30. Kg2 Ra7 31. Ng1 Qd6 32. Nf3 f6 33. Re1 Re7 34.
Rxe7 Qxe7 35. Nh4 Qe4+ 36. Qxe4 dxe4 37. Kf2 f5 38. Ke3 Ne6 39. g4 1/2-1/2

[Event "Weekend A Ottobre"]
[Site "Torino ITA"]
[Date "2003.11.01"]
[Round "4"]
[White "Giacomasso, Enrico"]
[Black "De Santis, Alessio"]
[Result "1/2-1/2"]
[WhiteElo "1862"]
[BlackElo "2272"]
[PlyCount "39"]
[EventDate "2003.10.30"]

1. e4 d6 2. d4 Nf6 3. Nc3 c6 4. a4 a5 5. Nf3 Bg4 6. Be2 e6 7. O-O Be7 8. Be3 d5
9. exd5 Nxd5 10. Nxd5 cxd5 11. Bb5+ Nc6 12. h3 Bh5 13. g4 Bg6 14. Ne5 Rc8 15.
c3 Bd6 16. Qd2 Qh4 17. Kg2 f6 18. f3 Bxe5 19. dxe5 O-O 20. Bf2 1/2-1/2

[Event "Weekend A Ottobre"]
[Site "Torino ITA"]
[Date "2003.11.01"]
[Round "4"]
[White "Ratti, Marco"]
[Black "Pepino, Enrico"]
[Result "0-1"]
[WhiteElo "1855"]
[BlackElo "2077"]
[PlyCount "90"]
[EventDate "2003.10.30"]

1. d4 Nf6 2. c4 g6 3. Nc3 Bg7 4. e4 d6 5. Be2 O-O 6. f4 c5 7. d5 b5 8. cxb5 a6
9. g4 axb5 10. g5 Nfd7 11. h4 b4 12. Nb5 Qb6 13. Bc4 Na6 14. h5 Nc7 15. Nxc7
Qxc7 16. hxg6 fxg6 17. Qe2 Nb6 18. Qh2 Nxc4 19. Qxh7+ Kf7 20. Rh6 Rh8 21. Qxg6+
Kf8 22. Rxh8+ Bxh8 23. Qh6+ Bg7 24. Qg6 Qd7 25. f5 Qe8 26. Qh7 Qf7 27. Qh2 Bxf5
28. exf5 Qxf5 29. Qg2 Nb6 30. Be3 Qxd5 31. Qf2+ Kg8 32. Rd1 Qf7 33. Bxc5 dxc5
34. Qxc5 Qe6+ 35. Ne2 Bxb2 36. Qxb4 Na4 37. Qb3 Qxb3 38. axb3 Nc3 39. Nxc3
Bxc3+ 40. Ke2 Rb8 41. Kd3 Rd8+ 42. Kc2 Rxd1 43. Kxd1 Kg7 44. Kc2 Bb4 45. Kd3
Kg6 0-1

[Event "Weekend A Ottobre"]
[Site "Torino ITA"]
[Date "2003.11.01"]
[Round "4"]
[White "Sorcinelli, Francesco"]
[Black "Nardelli, Marco"]
[Result "1-0"]
[WhiteElo "2122"]
[BlackElo "1992"]
[PlyCount "71"]
[EventDate "2003.10.30"]

1. d4 Nf6 2. Nc3 d5 3. Bg5 e6 4. Qd3 Be7 5. O-O-O Nbd7 6. f3 c6 7. h4 b5 8. e4
Nb6 9. e5 Nfd7 10. Bxe7 Qxe7 11. Qe3 h6 12. Kb1 a5 13. Ka1 b4 14. Nce2 Ba6 15.
f4 c5 16. Nf3 a4 17. dxc5 Nxc5 18. Ned4 Bxf1 19. Rhxf1 Nc4 20. Qe1 Qb7 21. Nd2
Na5 22. Qg3 b3 23. Qxg7 Rf8 24. cxb3 Qb4 25. Nc2 Ncxb3+ 26. Nxb3 Nxb3+ 27. Kb1
Qe4 28. Rfe1 Qxf4 29. axb3 axb3 30. Nd4 Ra4 31. g3 Qf2 32. Qf6 Qh2 33. Nxb3 Rb4
34. Rd3 Kd7 35. Rc1 Qe2 36. Rxd5+ 1-0

[Event "Weekend A Ottobre"]
[Site "Torino ITA"]
[Date "2003.11.02"]
[Round "5"]
[White "De Santis, Alessio"]
[Black "Molina, Fabrizio"]
[Result "1/2-1/2"]
[WhiteElo "2272"]
[BlackElo "2256"]
[PlyCount "81"]
[EventDate "2003.10.30"]

1. d4 d5 2. c4 e6 3. Nc3 c5 4. cxd5 exd5 5. Nf3 Nc6 6. g3 c4 7. Bg2 Bb4 8. O-O
Nge7 9. a3 Ba5 10. b4 cxb3 11. Qxb3 Bb6 12. Rd1 O-O 13. a4 Re8 14. Ba3 Be6 15.
Qa2 h6 16. e3 Rc8 17. Nb5 Nf5 18. Rab1 Na5 19. Bb4 a6 20. Na3 Nd6 21. Ne5 Ndc4
22. Nexc4 Nxc4 23. Nxc4 Rxc4 24. a5 Ba7 25. Rdc1 Bf5 26. Rxc4 Bxb1 27. Qxb1
dxc4 28. Bc3 b5 29. axb6 Qxb6 30. Qa1 Bb8 31. d5 f6 32. Bd4 Qb5 33. Bf1 Bd6 34.
Qa2 Rc8 35. Qc2 Rc7 36. Qe4 Re7 37. Qc2 Qb3 38. Qf5 a5 39. Qc8+ Kh7 40. Qf5+
Kg8 41. Qc8+ 1/2-1/2

[Event "Weekend A Ottobre"]
[Site "Torino ITA"]
[Date "2003.11.02"]
[Round "5"]
[White "Martin, Tiziano"]
[Black "Faraoni, Enrico"]
[Result "0-1"]
[WhiteElo "1825"]
[BlackElo "2182"]
[PlyCount "76"]
[EventDate "2003.10.30"]

1. e4 g6 2. c3 Bg7 3. d3 e5 4. Qc2 Ne7 5. Be2 O-O 6. Nf3 d5 7. O-O Nbc6 8. Nbd2
f5 9. Re1 Kh8 10. Bf1 Be6 11. a3 Qd6 12. b4 a6 13. exd5 Bxd5 14. Bb2 g5 15. c4
Bxf3 16. Nxf3 g4 17. Nd2 Ng6 18. Nb3 f4 19. Rad1 Rae8 20. Nc5 Nd4 21. Bxd4 Qxd4
22. Nxb7 g3 23. Re4 Qb6 24. Nc5 Rf7 25. Qa4 gxf2+ 26. Kxf2 Ra8 27. Be2 Bf8 28.
Bf3 Bxc5+ 29. bxc5 Qxc5+ 30. d4 exd4 31. Re8+ Rxe8 32. Qxe8+ Rf8 33. Qc6 Qxc6
34. Bxc6 Ne5 35. Bd5 c5 36. Be4 Rb8 37. Rd2 Rb3 38. Ra2 Nd3+ 0-1

[Event "Weekend A Ottobre"]
[Site "Torino ITA"]
[Date "2003.11.02"]
[Round "6"]
[White "Faraoni, Enrico"]
[Black "Mori, Andrea"]
[Result "1-0"]
[WhiteElo "2182"]
[BlackElo "1991"]
[PlyCount "91"]
[EventDate "2003.10.30"]

1. e4 c6 2. c4 d5 3. exd5 cxd5 4. cxd5 Nf6 5. d4 Nxd5 6. Nc3 e6 7. Nf3 Be7 8.
Bd3 Nc6 9. O-O Bf6 10. Ne4 h6 11. Nxf6+ Qxf6 12. Qe2 Bd7 13. Be3 Ncb4 14. Ne5
a6 15. Nxd7 Kxd7 16. Be4 Rhe8 17. a3 Nc6 18. Qc4 Nde7 19. Rfd1 Rec8 20. d5 exd5
21. Bxd5 Ke8 22. Qe4 Qg6 23. Qxg6 Nxg6 24. Bc5 Rc7 25. Re1+ Nce7 26. b4 Kf8 27.
Bb3 Kg8 28. Re4 Nc6 29. Rae1 Rd7 30. h4 Nf8 31. g3 g6 32. Be3 Kg7 33. Bc1 Rad8
34. Bb2+ Kg8 35. Bf6 Rc8 36. R1e3 Nh7 37. Bc3 Rcd8 38. Rf4 Rc8 39. Kg2 Nf8 40.
Rf6 Nd8 41. h5 Rc6 42. hxg6 Rxf6 43. Bxf6 Nde6 44. gxf7+ Kxf7 45. Be5 Ke7 46.
f4 1-0

[Event "Weekend A Ottobre"]
[Site "Torino ITA"]
[Date "2003.11.02"]
[Round "6"]
[White "Ferretti, Rolando"]
[Black "Nardelli, Marco"]
[Result "1/2-1/2"]
[WhiteElo "1654"]
[BlackElo "1992"]
[PlyCount "73"]
[EventDate "2003.10.30"]

1. c4 c5 2. Nc3 Nf6 3. Nf3 e6 4. e3 b6 5. d4 cxd4 6. exd4 d5 7. Bg5 Be7 8. Rc1
O-O 9. Bd3 dxc4 10. Bxc4 Ba6 11. Qb3 Bxc4 12. Qxc4 Nbd7 13. O-O Nd5 14. Bxe7
Nxe7 15. Qd3 Nf6 16. Nb5 Ned5 17. a3 a6 18. Nc3 b5 19. Ne4 Nxe4 20. Qxe4 Qd6
21. Rc5 Qf4 22. Qxf4 Nxf4 23. b4 Rfd8 24. Re1 Nd3 25. Kf1 Nxe1 26. Kxe1 h6 27.
Ke2 Rd5 28. Ke3 a5 29. Ne1 axb4 30. axb4 Kf8 31. Nd3 Ke7 32. Rc7+ Rd7 33. Rc5
Rb8 34. Ne5 Ra8 35. Nxd7 Ra3+ 36. Kd2 Kxd7 37. Rxb5 1/2-1/2

[Event "Weekend A Ottobre"]
[Site "Torino ITA"]
[Date "2003.11.02"]
[Round "6"]
[White "Molina, Fabrizio"]
[Black "Giacomasso, Enrico"]
[Result "1-0"]
[WhiteElo "2256"]
[BlackElo "1862"]
[PlyCount "65"]
[EventDate "2003.10.30"]

1. c4 c5 2. g3 Nc6 3. Bg2 e6 4. Nc3 Nf6 5. e4 d6 6. Nge2 e5 7. d3 Be6 8. O-O
Qd7 9. Nd5 Bxd5 10. cxd5 Nd4 11. Nxd4 cxd4 12. Qb3 Be7 13. Bd2 O-O 14. Rfc1
Rfc8 15. Rc4 Rc5 16. Rac1 Rac8 17. f4 b6 18. a4 Ne8 19. a5 Rxc4 20. dxc4 Bd8
21. Qa3 Qc7 22. Bh3 Rb8 23. a6 Be7 24. b4 Nf6 25. Qd3 Nd7 26. Bxd7 Qxd7 27.
fxe5 dxe5 28. c5 bxc5 29. bxc5 f5 30. d6 Bf6 31. Qc4+ Kh8 32. Qd5 fxe4 33. c6
1-0

[Event "Weekend A Ottobre"]
[Site "Torino ITA"]
[Date "2003.11.02"]
[Round "6"]
[White "Pepino, Enrico"]
[Black "De Santis, Alessio"]
[Result "1/2-1/2"]
[WhiteElo "2077"]
[BlackElo "2272"]
[PlyCount "73"]
[EventDate "2003.10.30"]

1. e4 c5 2. Nf3 e6 3. d4 cxd4 4. Nxd4 a6 5. g3 h5 6. Bg2 h4 7. O-O Qc7 8. Nc3
Nc6 9. Re1 hxg3 10. hxg3 d6 11. a4 Nge7 12. Nxc6 bxc6 13. a5 Rb8 14. Be3 c5 15.
Na4 Nc6 16. Nb6 Bb7 17. Nc4 Be7 18. Qd2 O-O 19. Bf4 Rfd8 20. c3 Bc8 21. Red1 e5
22. Be3 Be6 23. Qe2 Rb5 24. Nb6 Nxa5 25. Nd5 Bxd5 26. exd5 Rdb8 27. Be4 c4 28.
Kg2 Bf6 29. Ra2 g6 30. Rh1 Bg7 31. Qg4 Rxb2 32. Rxa5 Qxa5 33. Bxg6 Qxd5+ 34.
Be4 Qe6 35. Bf5 Qd5+ 36. Be4 Qe6 37. Bf5 1/2-1/2

[Event "Weekend A Ottobre"]
[Site "Torino ITA"]
[Date "2003.11.02"]
[Round "6"]
[White "Sorcinelli, Francesco"]
[Black "Fassio, Luca"]
[Result "1/2-1/2"]
[WhiteElo "2122"]
[BlackElo "2123"]
[PlyCount "105"]
[EventDate "2003.10.30"]

1. e4 g6 2. Nc3 d6 3. f4 Bg7 4. Nf3 c5 5. Bc4 e6 6. d3 Ne7 7. O-O O-O 8. Qe1
Nbc6 9. a3 a6 10. Ba2 b5 11. Qh4 Nd4 12. Nxd4 Bxd4+ 13. Kh1 Nc6 14. Qxd8 Rxd8
15. Ne2 Bg7 16. g4 Rb8 17. f5 Be5 18. c3 d5 19. Bg5 f6 20. Be3 d4 21. cxd4 Nxd4
22. Nxd4 cxd4 23. fxe6 Re8 24. Bf4 Bxe6 25. Bxe5 fxe5 26. Bxe6+ Rxe6 27. Rac1
Rf8 28. Rxf8+ Kxf8 29. Rc7 h6 30. Kg2 g5 31. h3 Kg8 32. Kf2 Kf8 33. Ke2 Ke8 34.
Kd2 Kd8 35. Rf7 Ke8 36. Rf5 Kd7 37. Kc2 a5 38. Kb3 Kc6 39. a4 Kc5 40. Rf8 Rb6
41. Rd8 bxa4+ 42. Kxa4 Rxb2 43. Rd5+ Kc6 44. Rxe5 Rd2 45. Rxa5 Rxd3 46. Ra6+
Kd7 47. Rxh6 Re3 48. Rh5 Rxe4 49. Kb3 Re3+ 50. Kc4 d3 51. Kc3 Kd6 52. Kd2 Rg3
53. Rxg5 1/2-1/2